000
00313nam a22001457a 4500
008
221031b ||||| |||| 00| 0 eng d
020
_a
9780521343268
041
_a
eng
080
_a
573
082
_a
573 DIC
100
_a
14
101
_a
BIO
245
_a
THE BIOLOGICAL UNIVERSE
_c
DICK S
942
_2
udc
_c
BK
999
_c
58702
_d
58702